000 00660nam a2200217Ii 4500
001 19131
003 CO-ViMGA
008 241108s9999||||xx |||||||||||||| ||und||
020 _a8473671848
040 _aCO-ViMGA
_bspa
_erda
_cCO-ViMGA
041 0 _aspa
082 0 4 _a323.2 L17s
100 1 _aPatricia Lara
_951114
245 1 0 _aSiembra vientos y recogerás tempestades :
_bPor fin la verdad sombre el M-19
264 1 _aBogotá, Colombia : Punto de Partida, 1982
300 _avolumen
336 _atext
_btxt
_2rdacontent
337 _aunmediated
_bn
_2rdamedia
338 _avolume
_bnc
_2rdacarrier
940 _aidficha_siabuc: 18788. -- ficha_no_siabuc:19131
999 _c45824
_d45824